|
|
|
|
| LEADER |
00000nam0a2200000 4500 |
| 001 |
1526 |
| 005 |
20231030173258.0 |
| 010 |
|
|
|a 5713308278
|
| 035 |
|
|
|a (RuTPU)RU\TPU\book\1533
|
| 035 |
|
|
|a BOOK00001535
|
| 090 |
|
|
|a 1526
|
| 100 |
|
|
|a 20011209d1995 m y0rusy50 ca
|
| 101 |
0 |
|
|a rus
|
| 102 |
|
|
|a RU
|
| 105 |
|
|
|a y z 000zy
|
| 200 |
1 |
|
|a Израиль
|f С. И. Симановский, М. П. Стрепетова
|
| 205 |
|
|
|a 2-е изд., доп.
|
| 210 |
|
|
|a Москва
|c Международные отношения
|d 1995
|
| 215 |
|
|
|a 288 с.
|
| 225 |
1 |
|
|a Наши деловые партнеры
|
| 610 |
1 |
|
|a Израиль
|
| 610 |
1 |
|
|a экономика
|
| 610 |
1 |
|
|a политика
|
| 686 |
|
|
|a У9(4/8)
|v LBC/SL-A
|2 rubbk
|
| 686 |
|
|
|a Ф2(5И)
|v LBC/SL-A
|2 rubbk
|
| 700 |
|
1 |
|a Симановский
|b С. И.
|g Станислав Иосифович
|
| 701 |
|
1 |
|a Стрепетова
|b М. П.
|g Маргарита Петровна
|
| 801 |
|
0 |
|a RU
|b 63413507
|c 20011209
|g PSBO
|
| 801 |
|
2 |
|a RU
|b 63413507
|c 20211220
|g PSBO
|
| 942 |
|
|
|c BK
|